<?xml version="1.0" encoding="UTF-8"?>
<record
    xmlns:xsi="http://www.w3.org/2001/XMLSchema-instance"
    xsi:schemaLocation="http://www.loc.gov/MARC21/slim http://www.loc.gov/standards/marcxml/schema/MARC21slim.xsd"
    xmlns="http://www.loc.gov/MARC21/slim">

  <leader>01051nam a22002177a 4500</leader>
  <controlfield tag="005">20120806142726.0</controlfield>
  <datafield tag="010" ind1=" " ind2=" ">
    <subfield code="a">B-454836-837</subfield>
  </datafield>
  <datafield tag="020" ind1=" " ind2=" ">
    <subfield code="a">8123002343</subfield>
    <subfield code="c">35.00</subfield>
  </datafield>
  <datafield tag="035" ind1=" " ind2=" ">
    <subfield code="a">B-454836-837</subfield>
  </datafield>
  <datafield tag="037" ind1=" " ind2=" ">
    <subfield code="a">dpl</subfield>
    <subfield code="b">Allied Pub/ Ven</subfield>
  </datafield>
  <datafield tag="082" ind1=" " ind2=" ">
    <subfield code="a">301.153</subfield>
  </datafield>
  <datafield tag="100" ind1=" " ind2=" ">
    <subfield code="a">Narayan, Shriman</subfield>
    <subfield code="9">50990</subfield>
  </datafield>
  <datafield tag="245" ind1=" " ind2=" ">
    <subfield code="a">Gandhi:</subfield>
    <subfield code="b">The man and his thought/</subfield>
    <subfield code="c">by Shriman Narayan</subfield>
  </datafield>
  <datafield tag="260" ind1=" " ind2=" ">
    <subfield code="a">New Delhi</subfield>
    <subfield code="b">Publication Division</subfield>
    <subfield code="c">2005</subfield>
  </datafield>
  <datafield tag="270" ind1=" " ind2=" ">
    <subfield code="a">Soochna bhawan CGO Complex Lodhi Road</subfield>
    <subfield code="b">New Delhi</subfield>
  </datafield>
  <datafield tag="300" ind1=" " ind2=" ">
    <subfield code="a">56 p.</subfield>
    <subfield code="c">18cm</subfield>
  </datafield>
  <datafield tag="942" ind1=" " ind2=" ">
    <subfield code="2">ddc</subfield>
    <subfield code="c">EN</subfield>
    <subfield code="m">NAR</subfield>
    <subfield code="h">301.153</subfield>
  </datafield>
  <datafield tag="999" ind1=" " ind2=" ">
    <subfield code="c">68904</subfield>
    <subfield code="d">68904</subfield>
  </datafield>
  <datafield tag="952" ind1=" " ind2=" ">
    <subfield code="0">0</subfield>
    <subfield code="1">5</subfield>
    <subfield code="4">0</subfield>
    <subfield code="7">0</subfield>
    <subfield code="8">NFIC</subfield>
    <subfield code="a">L</subfield>
    <subfield code="b">L</subfield>
    <subfield code="d">2012-08-09</subfield>
    <subfield code="e">Allied Pub/CR/0001155/27.09.2011/85/24.03.2011/30.11.2011</subfield>
    <subfield code="g">35.00</subfield>
    <subfield code="l">0</subfield>
    <subfield code="o">301.153 NAR</subfield>
    <subfield code="p">B-454836</subfield>
    <subfield code="r">2012-08-09 00:00:00</subfield>
    <subfield code="t">1</subfield>
    <subfield code="v">35.00</subfield>
    <subfield code="y">EN</subfield>
  </datafield>
  <datafield tag="952" ind1=" " ind2=" ">
    <subfield code="0">0</subfield>
    <subfield code="1">0</subfield>
    <subfield code="4">0</subfield>
    <subfield code="7">0</subfield>
    <subfield code="8">NFIC</subfield>
    <subfield code="a">ZLS</subfield>
    <subfield code="b">ZLS</subfield>
    <subfield code="d">2012-08-09</subfield>
    <subfield code="e">Allied Pub/CR/0001155/27.09.2011/85/24.03.2011/30.11.2011</subfield>
    <subfield code="g">35.00</subfield>
    <subfield code="l">0</subfield>
    <subfield code="o">301.153 NAR</subfield>
    <subfield code="p">B-454837</subfield>
    <subfield code="r">2012-08-09 00:00:00</subfield>
    <subfield code="t">1</subfield>
    <subfield code="v">35.00</subfield>
    <subfield code="w">2012-08-09</subfield>
    <subfield code="y">EN</subfield>
  </datafield>
</record>
